| 000 | 00962cam a22003015a 4500 | ||
|---|---|---|---|
| 001 | 1581043 | ||
| 005 | 20240818092956.0 | ||
| 008 | 931105t1994 enkadk fr f001 0 eng d | ||
| 020 | _a0521458854 (paperback) | ||
| 020 | _a9780521458856 | ||
| 040 |
_aDLC _beng _cDLC _dDLC _dEG-ScBUE |
||
| 082 | 0 | 4 |
_a523.8 _bTAY _222 |
| 100 | 1 |
_aTayler, R. J. _q(Roger John) _938140 |
|
| 245 | 1 | 4 |
_aThe stars : _btheir structure and evolution / _cRoger J. Tayler. |
| 250 | _a2nd ed. | ||
| 260 |
_aCambridge ; _aNew York : _bCambridge University Press, _cc.1994. |
||
| 300 |
_axiii, 241 p. : _bcharts, forms, tables ; _c26 cm. |
||
| 500 | _aIndex : p. 239-241. | ||
| 650 | 0 |
_aStars _xStructure. _2BUEsh |
|
| 650 | 0 |
_aStars _xEvolution. _2BUEsh |
|
| 651 | _2BUEsh | ||
| 653 |
_bENGGEN _cJune2015 |
||
| 655 |
_vreading book _934232 |
||
| 942 |
_2ddc _hRDA-MOD |
||
| 999 |
_c19527 _d19499 |
||
| 336 |
_2rdacontent _atext _btxt |
||
| 337 |
_aunmediated _2rdamedia _bn |
||
| 338 |
_avolume _bnc _2rdacarrier |
||